|
|
|
|
| LEADER |
00806nam#a2200277#a#4500 |
| 001 |
005952 |
| 005 |
20160721143807.0 |
| 008 |
990706s1990####ec##################spa#d |
| 020 |
|
|
|a 9978670033
|
| 040 |
|
|
|a AR-beUNQ
|
| 099 |
|
|
|a 05-P32
|
| 100 |
1 |
|
|a Palomeque, Silvia
|
| 245 |
0 |
2 |
|a Cuenca en el siglo XIX :
|b la articulación de una región
|c Silvia Palomeque.
|
| 260 |
|
|
|a Quito :
|b FLACSO,
|c 1990
|
| 300 |
|
|
|a 296 p. :
|b tablas
|
| 490 |
0 |
|
|a Tesis historia
|
| 650 |
|
7 |
|a ECONOMIA
|2 Spines
|
| 650 |
|
7 |
|a DEMOGRAFIA
|2 Spines
|
| 650 |
|
7 |
|a INTEGRACION REGIONAL
|2 Spines
|
| 650 |
|
7 |
|a PLANIFICACION REGIONAL
|2 Spines
|
| 650 |
|
7 |
|a INTEGRACION ECONOMICA
|2 Spines
|
| 651 |
|
7 |
|a ECUADOR
|2 Spines
|
| 651 |
|
7 |
|a AMERICA LATINA
|2 toit
|
| 929 |
|
|
|a COMPRA
|b Peon
|e 19990705
|j 26224
|
| 942 |
|
|
|c LIB
|n 0
|
| 999 |
|
|
|c 8703
|d 84090
|